000 00224nam a2200097Ia 4500
008 190216s9999||||xx |||||||||||||| ||und||
100 _aNull
245 0 _aHindi-Kathayem Deshamal Sapunomki
260 _bMacmillan
942 _cBK
999 _c17715
_d17715